[Event "CAMPEONATO PANAMERICANO DE AJEDREZ"]
[Site "Hotel oro Verde, Guayaquil - Ecuador"]
[Date "2018.06.23"]
[Round "7"]
[Board "7"]
[White "Nunez Giler, Fanny"]
[Black "Penafiel Mendoza, Josselyne"]
[Result "0-1"]
[WhiteElo "1578"]
[BlackElo "1793"]
[PlyCount "74"]
[EventDate "2018.06.19"]
[EventRounds "9"]
[EventCountry "ECU"]

1. e4 c5 2. Nf3 d6 3. d4 cxd4 4. Nxd4 Nf6 5. Nc3 a6 6. Qf3 e6 7. g4 Nc6 8. Nxc6
bxc6 9. Bd3 Rb8 10. O-O Nd7 11. Qg3 Be7 12. f4 Nc5 13. Be2 O-O 14. f5 Bh4 15.
Qg2 Bg5 16. b3 Bxc1 17. Raxc1 Qf6 18. Rf3 Qe5 19. Rh3 d5 20. Qf2 d4 21. Qh4 h6
22. g5 dxc3 23. gxh6 g6 24. f6 Kh7 25. Bf3 Nd7 26. Rd1 Qxf6 27. Qf2 Rb5 28. Rf1
Ne5 29. a4 Rb8 30. Qg3 Nxf3+ 31. Rxf3 Qd4+ 32. Kg2 Rb7 33. e5 Rb4 34. Kh1 Qd1+
35. Kg2 Qxc2+ 36. Rf2 Qe4+ 37. Rf3 c2  0-1

[Event "CAMPEONATO PANAMERICANO DE AJEDREZ"]
[Site "Hotel oro Verde, Guayaquil - Ecuador"]
[Date "2018.06.23"]
[Round "7"]
[Board "8"]
[White "Lemus Pena, Macarena"]
[Black "Santacruz Gonzalez, Natalia"]
[Result "1-0"]
[WhiteElo "1781"]
[BlackElo "1487"]
[PlyCount "89"]
[EventDate "2018.06.19"]
[EventRounds "9"]
[EventCountry "ECU"]

1. Nf3 Nf6 2. g3 d5 3. c4 Bf5 4. cxd5 Nxd5 5. Bg2 c6 6. O-O e6 7. Qa4 Nb6 8.
Qb3 Be7 9. d3 O-O 10. Bf4 N8d7 11. Nc3 Nc5 12. Qc2 Na6 13. a3 Nd5 14. Bd2 Nxc3
15. bxc3 Qc7 16. Bf4 Bd6 17. Bxd6 Qxd6 18. e4 Bg6 19. d4 c5 20. Qe2 cxd4 21.
cxd4 Rac8 22. Rab1 Qe7 23. Rb3 Rc7 24. Ne5 Rfc8 25. h4 f6 26. Nxg6 hxg6 27. Qd3
e5 28. dxe5 Qxe5 29. Rb5 Qe7 30. e5 Nc5 31. exf6 Qxf6 32. Qd5+ Qf7 33. Qg5 Qf5
34. Qe3 b6 35. Kh2 Qf7 36. Rb4 Re8 37. Qg5 Ne6 38. Qg4 Rc5 39. Re4 Qf5 40. Qe2
Qf7 41. Re1 Kh7 42. Rxe6 Rxe6 43. Qxe6 Qxf2 44. Re2 Qd4 45. Be4  1-0

[Event "CAMPEONATO PANAMERICANO DE AJEDREZ"]
[Site "Hotel oro Verde, Guayaquil - Ecuador"]
[Date "2018.06.23"]
[Round "7"]
[Board "9"]
[White "Munoz Naichap, Valerine Nicole"]
[Black "Quezada Pauker, Katheen Gabriela"]
[Result "1-0"]
[WhiteElo "1591"]
[BlackElo "1482"]
[PlyCount "99"]
[EventDate "2018.06.19"]
[EventRounds "9"]
[EventCountry "ECU"]

1. Nf3 c5 2. g3 g6 3. Bg2 Bg7 4. O-O Nc6 5. c3 Nf6 6. d4 cxd4 7. Nxd4 O-O 8.
Bg5 h6 9. Bf4 Kh7 10. e4 d6 11. Nxc6 bxc6 12. e5 dxe5 13. Bxe5 Qb6 14. Qb3 Qxb3
15. axb3 Nd5 16. Bxg7 Kxg7 17. Ra5 e6 18. Nd2 Rd8 19. Ne4 Ne7 20. Rfa1 a6 21.
Bf1 Rd7 22. Bxa6 Rda7 23. Nc5 Nd5 24. b4 Bxa6 25. Rxa6 Rxa6 26. Rxa6 Rxa6 27.
Nxa6 Nb6 28. Nb8 Na4 29. Nxc6 Nxb2 30. Kf1 Kf8 31. Ke2 Ke8 32. b5 Nc4 33. Kd3
Nd6 34. c4 f6 35. Na7 Kd7 36. c5 Nf7 37. b6 Nd8 38. Kc4 Nc6 39. b7 Nb8 40. Kb5
Kc7 41. c6 h5 42. Ka5 g5 43. Kb5 f5 44. f4 g4 45. Ka5 h4 46. Kb5 h3 47. Kc5 e5
48. Nb5+ Kd8 49. c7+ Kd7 50. cxb8=Q  1-0

[Event "CAMPEONATO PANAMERICANO DE AJEDREZ"]
[Site "Hotel oro Verde, Guayaquil - Ecuador"]
[Date "2018.06.23"]
[Round "7"]
[Board "10"]
[White "Quintana Chanduvi, Daniela Sofia"]
[Black "Pacheco Jimenez, Yesenia"]
[Result "1/2-1/2"]
[WhiteElo "1343"]
[BlackElo "1576"]
[PlyCount "156"]
[EventDate "2018.06.19"]
[EventRounds "9"]
[EventCountry "ECU"]

1. e4 c5 2. Nf3 d6 3. Nc3 e6 4. Bc4 Nc6 5. d4 cxd4 6. Nxd4 Nxd4 7. Qxd4 Nf6 8.
Be3 Be7 9. f3 O-O 10. O-O-O a6 11. Bb3 Qc7 12. g4 Nd7 13. Qd2 Nc5 14. Qe2 b5
15. h4 Bb7 16. Kb1 Bf6 17. Bd4 Be5 18. Rhf1 Bc6 19. Qf2 Nxb3 20. axb3 b4 21.
Ne2 Rac8 22. Nc1 Bb5 23. Rg1 Qc6 24. f4 Bxd4 25. Rxd4 a5 26. Rgd1 Rfd8 27. Nd3
h6 28. Ne5 Qc5 29. Qd2 Qc7 30. Nc4 Bxc4 31. Rxc4 Qb7 32. Rd4 Rc6 33. Qe2 Qc7
34. R1d2 Qb6 35. g5 Rc5 36. Qd1 Qb7 37. Qg4 Qc6 38. gxh6 g6 39. e5 d5 40. h5
Kh7 41. hxg6+ fxg6 42. Qg5 Qe8 43. Rg2 Rd7 44. Rd3 Qf7 45. Rdg3 Rcc7 46. Qxg6+
Qxg6 47. Rxg6 Rf7 48. R2g4 Rce7 49. Rf6 Rxf6 50. exf6 Re8 51. Rg7+ Kxh6 52. Re7
Rf8 53. Rxe6 Kg6 54. Rd6 Rxf6 55. Rxd5 Rxf4 56. Rxa5 Kf6 57. Kc1 Ke6 58. Rc5
Rf8 59. Kd2 Rd8+ 60. Ke2 Kd6 61. Rc4 Rb8 62. Kd2 Kd5 63. Kd3 Rb7 64. c3 bxc3
65. Kxc3 Rh7 66. Rd4+ Kc5 67. Rc4+ Kd5 68. Rg4 Rb7 69. b4 Rh7 70. Rg5+ Kc6 71.
Kb3 Kb6 72. Rf5 Rh1 73. Ka2 Rh4 74. Ka3 Rh1 75. b3 Ra1+ 76. Kb2 Rh1 77. Kc3
Rc1+ 78. Kb2 Rh1  1/2-1/2

[Event "CAMPEONATO PANAMERICANO DE AJEDREZ"]
[Site "Hotel oro Verde, Guayaquil - Ecuador"]
[Date "2018.06.23"]
[Round "8"]
[Board "1"]
[White "Cervantes Landeiro, Thalia"]
[Black "Gomez Barrera, Javiera Belen"]
[Result "1/2-1/2"]
[WhiteElo "2087"]
[BlackElo "2129"]
[PlyCount "73"]
[EventDate "2018.06.19"]
[EventRounds "9"]
[EventCountry "ECU"]

1. d4 Nf6 2. c4 g6 3. Nc3 Bg7 4. e4 d6 5. f4 O-O 6. Nf3 c5 7. d5 e6 8. dxe6
fxe6 9. Bd3 Nc6 10. O-O b6 11. Ng5 Qe7 12. f5 exf5 13. exf5 Bxf5 14. Bxf5 gxf5
15. Nd5 Qd7 16. Nxf6+ Rxf6 17. Qd5+ Kh8 18. b4 Raf8 19. bxc5 bxc5 20. Bb2 Nb4
21. Qd2 Rg6 22. a3 Nc6 23. Nh3 Bxb2 24. Qxb2+ Qg7 25. Qxg7+ Rxg7 26. Nf4 Nd4
27. Rae1 Rd7 28. Ne6 Nxe6 29. Rxe6 Kg7 30. g3 Rff7 31. Kg2 d5 32. cxd5 Rxd5 33.
Rc6 Rd2+ 34. Rf2 Rd3 35. Rf3 Rxf3 36. Kxf3 c4 37. Rxc4  1/2-1/2

[Event "CAMPEONATO PANAMERICANO DE AJEDREZ"]
[Site "Hotel oro Verde, Guayaquil - Ecuador"]
[Date "2018.06.23"]
[Round "8"]
[Board "2"]
[White "Librelato, Kathie Goulart"]
[Black "Vittal, Sanjana"]
[Result "1/2-1/2"]
[WhiteElo "2072"]
[BlackElo "1945"]
[PlyCount "124"]
[EventDate "2018.06.19"]
[EventRounds "9"]
[EventCountry "ECU"]

1. e4 e5 2. Nf3 Nc6 3. Bb5 Bc5 4. O-O Qf6 5. c3 Nge7 6. Re1 h6 7. d4 Bb6 8. Na3
O-O 9. Nc4 d6 10. a4 exd4 11. a5 Bc5 12. b4 dxc3 13. bxc5 dxc5 14. Bxc6 Nxc6
15. Ne3 Rd8 16. Nd5 Qe6 17. Qa4 Bd7 18. Nxc7 Qg6 19. Nxa8 Nd4 20. Qd1 Bh3 21.
Nh4 Qf6 22. gxh3 Qxh4 23. Qg4 Qf6 24. Bf4 Rxa8 25. Rac1 g5 26. Be3 Nf3+ 27. Kg2
Nxe1+ 28. Rxe1 b6 29. h4 Qe6 30. Qxe6 fxe6 31. hxg5 hxg5 32. Rc1 g4 33. Rxc3
Kf7 34. Rb3 c4 35. Rb4 Rc8 36. axb6 axb6 37. Rxb6 c3 38. Rb1 c2 39. Rc1 Kg6 40.
Kf1 Rc4 41. Ke2 Rxe4 42. Rxc2 Ra4 43. Rc5 Kf6 44. Kf1 e5 45. Kg2 Ra2 46. Rc8
Ra4 47. Rg8 Kf5 48. Rg5+ Kf6 49. Kg3 Ra1 50. Rxg4 Kf5 51. Rg5+ Kf6 52. h4 Rh1
53. Rg8 Rg1+ 54. Kf3 Rxg8 55. Bg5+ Kf5 56. Ke3 Ra8 57. Kf3 Ra4 58. Kg3 Rc4 59.
Kf3 Rg4 60. Ke3 Rg2 61. Kf3 Rg1 62. Bd8 Rd1  1/2-1/2

[Event "CAMPEONATO PANAMERICANO DE AJEDREZ"]
[Site "Hotel oro Verde, Guayaquil - Ecuador"]
[Date "2018.06.23"]
[Round "8"]
[Board "3"]
[White "Caballero Quijano, Mitzy Mishell"]
[Black "Mostacero Velarde, Isabella"]
[Result "1-0"]
[WhiteElo "2069"]
[BlackElo "1827"]
[PlyCount "101"]
[EventDate "2018.06.19"]
[EventRounds "9"]
[EventCountry "ECU"]

1. d4 g6 2. Nf3 Bg7 3. c4 d6 4. g3 Nc6 5. Bg2 e5 6. d5 Nce7 7. e4 Nh6 8. Nc3
O-O 9. O-O f6 10. a3 Nf7 11. Ne1 g5 12. Nd3 g4 13. b4 Ng5 14. Bxg5 fxg5 15. c5
Qe8 16. Ra2 Rf6 17. Qe2 Bd7 18. Ne1 Qh5 19. f3 Raf8 20. fxg4 Rxf1+ 21. Bxf1
Bxg4 22. Qe3 Bh3 23. Bxh3 Qxh3 24. Rf2 g4 25. Rxf8+ Bxf8 26. cxd6 cxd6 27. Nd1
Qh6 28. Nc2 Kg7 29. a4 Kg6 30. Nf2 Qxe3 31. Nxe3 h5 32. Nc4 Nc8 33. Na5 b5 34.
axb5 Bh6 35. Nc4 Kf7 36. h3 gxh3 37. Kh2 Ke7 38. Kxh3 Bg5 39. g4 hxg4+ 40. Kxg4
Bh6 41. Kf5 Nb6 42. Na5 Bd2 43. Nc6+ Kd7 44. Ng4 Nc4 45. Nf6+ Kc7 46. Ke6 Bh6
47. Ne8+ Kb6 48. Nxd6 Nxd6 49. Kxd6 Kxb5 50. Nxa7+ Kxb4 51. Nc6+  1-0

[Event "CAMPEONATO PANAMERICANO DE AJEDREZ"]
[Site "Hotel oro Verde, Guayaquil - Ecuador"]
[Date "2018.06.23"]
[Round "8"]
[Board "4"]
[White "Romero, Antonella"]
[Black "Cosme Contreras, Trilce"]
[Result "0-1"]
[WhiteElo "1900"]
[BlackElo "2007"]
[PlyCount "54"]
[EventDate "2018.06.19"]
[EventRounds "9"]
[EventCountry "ECU"]

1. d4 Nf6 2. c4 g6 3. Nc3 Bg7 4. e4 d6 5. Nf3 O-O 6. Be2 e5 7. O-O Nc6 8. d5
Ne7 9. Ne1 Nd7 10. Be3 f5 11. f3 f4 12. Bf2 g5 13. Nd3 Ng6 14. c5 Nf6 15. cxd6
cxd6 16. Rc1 Rf7 17. Qb3 g4 18. Nb5 g3 19. hxg3 Nh5 20. gxf4 Ngxf4 21. Rfe1 Qg5
22. Nxf4 Nxf4 23. g3 Nxe2+ 24. Rxe2 Qxc1+ 25. Re1 Qh6 26. Nxa7 Bh3 27. Nb5 Raf8
 0-1

[Event "CAMPEONATO PANAMERICANO DE AJEDREZ"]
[Site "Hotel oro Verde, Guayaquil - Ecuador"]
[Date "2018.06.23"]
[Round "8"]
[Board "5"]
[White "Penafiel Mendoza, Josselyne"]
[Black "Lemus Pena, Macarena"]
[Result "1/2-1/2"]
[WhiteElo "1793"]
[BlackElo "1781"]
[PlyCount "72"]
[EventDate "2018.06.19"]
[EventRounds "9"]
[EventCountry "ECU"]

1. d4 Nf6 2. c4 g6 3. Nf3 Bg7 4. g3 c5 5. d5 O-O 6. Bg2 b5 7. O-O bxc4 8. Ne5
d6 9. Nxc4 Nbd7 10. h3 Rb8 11. Nc3 Re8 12. Re1 Ba6 13. Nd2 Nb6 14. Rb1 Qc8 15.
Qc2 Bb7 16. e4 Ba6 17. Kh2 Nfd7 18. f4 c4 19. Nf3 Nc5 20. Be3 Nbd7 21. Nd4 Nd3
22. Red1 N7c5 23. Nc6 Nb4 24. Nxb4 Rxb4 25. Ne2 Nd3 26. Nd4 Qb7 27. b3 cxb3 28.
Rxb3 Rc8 29. Nc6 Rxb3 30. Qxb3 Qxb3 31. axb3 Rc7 32. Bxa7 Rb7 33. Rb1 Bb5 34.
Bd4 Bxc6 35. dxc6 Rc7 36. Bxg7 Kxg7  1/2-1/2

[Event "CAMPEONATO PANAMERICANO DE AJEDREZ"]
[Site "Hotel oro Verde, Guayaquil - Ecuador"]
[Date "2018.06.23"]
[Round "8"]
[Board "6"]
[White "Ruiz, Mishell"]
[Black "Munoz Naichap, Valerine Nicole"]
[Result "0-1"]
[WhiteElo "1877"]
[BlackElo "1591"]
[PlyCount "71"]
[EventDate "2018.06.19"]
[EventRounds "9"]
[EventCountry "ECU"]

1. e4 c5 2. Bc4 Nc6 3. Nc3 e6 4. Nf3 Nge7 5. O-O g6 6. Re1 Bg7 7. Bf1 O-O 8. d3
d6 9. Bf4 e5 10. Be3 f5 11. Bg5 f4 12. Nd5 Be6 13. Nxe7+ Nxe7 14. c3 h6 15.
Bxe7 Qxe7 16. d4 Bg4 17. dxe5 Bxe5 18. Bc4+ Kh7 19. h3 Bh5 20. Be2 Bxf3 21.
Bxf3 b5 22. a4 Rab8 23. a5 b4 24. Qc2 Qf7 25. Rac1 bxc3 26. bxc3 Rb3 27. Qd3
Rfb8 28. Red1 Ra3 29. a6 Rbb3 30. Rb1 c4 31. Rxb3 Rxb3 32. Qf1 Rxc3 33. Be2 Qc7
34. Rc1 Rxc1 35. Qxc1 c3 36. Bd3  0-1

[Event "CAMPEONATO PANAMERICANO DE AJEDREZ"]
[Site "Hotel oro Verde, Guayaquil - Ecuador"]
[Date "2018.06.23"]
[Round "8"]
[Board "7"]
[White "Ortiz Verdesoto, Anahi"]
[Black "Matu Carballo, Magdalena"]
[Result "1-0"]
[WhiteElo "1974"]
[BlackElo "1858"]
[PlyCount "81"]
[EventDate "2018.06.19"]
[EventRounds "9"]
[EventCountry "ECU"]

1. d4 d5 2. c4 c6 3. Nf3 Nf6 4. e3 Bf5 5. Nc3 e6 6. Be2 Be7 7. O-O O-O 8. b3 h6
9. Bb2 Nbd7 10. Rc1 Ne4 11. Nxe4 Bxe4 12. Nd2 Bg6 13. Re1 Nf6 14. f3 a5 15. a3
Bd6 16. Nf1 Qe7 17. c5 Bc7 18. Bd3 Rae8 19. Bxg6 fxg6 20. Bc3 g5 21. e4 Qd8 22.
Rb1 g4 23. e5 gxf3 24. exf6 f2+ 25. Kxf2 Qxf6+ 26. Kg1 Qf2+ 27. Kh1 Qh4 28. g3
Bxg3 29. Re2 Rf3 30. Nxg3 Rxc3 31. Rg2 Rf8 32. Qe1 Rcf3 33. Qxe6+ Kh8 34. Qe5
Qh3 35. Rbg1 Rf2 36. Nf5 Rxg2 37. Rxg2 Rg8 38. Rxg7 Qf3+ 39. Rg2+ Kh7 40. Qe7+
Kh8 41. Qf6+  1-0

[Event "CAMPEONATO PANAMERICANO DE AJEDREZ"]
[Site "Hotel oro Verde, Guayaquil - Ecuador"]
[Date "2018.06.23"]
[Round "8"]
[Board "8"]
[White "Pacheco Jimenez, Yesenia"]
[Black "Jaramillo, Samantha"]
[Result "1-0"]
[WhiteElo "1576"]
[BlackElo "1699"]
[PlyCount "65"]
[EventDate "2018.06.19"]
[EventRounds "9"]
[EventCountry "ECU"]

1. d4 Nf6 2. Nf3 g6 3. g3 Bg7 4. Bg2 O-O 5. O-O d6 6. c4 Nbd7 7. Nc3 c5 8. e3
a6 9. b3 Rb8 10. Bb2 b5 11. dxc5 dxc5 12. cxb5 axb5 13. Qd2 Bb7 14. Rfd1 Qb6
15. Qc2 Bc6 16. Rd2 Qb7 17. Nh4 Bxg2 18. Nxg2 Ne5 19. Ne1 Nf3+ 20. Nxf3 Qxf3
21. Qd1 Qf5 22. Rb1 e6 23. Kg2 h5 24. Qc2 Qg4 25. h3 Qg5 26. Ne4 Nxe4 27. Qxe4
Bxb2 28. Rbxb2 Rfd8 29. Qc6 Qe5 30. Rbc2 Rdc8 31. Qf3 c4 32. Rd7 Rc7 33. Qxf7+
 1-0

[Event "CAMPEONATO PANAMERICANO DE AJEDREZ"]
[Site "Hotel oro Verde, Guayaquil - Ecuador"]
[Date "2018.06.23"]
[Round "8"]
[Board "9"]
[White "Ayala Rosero, Ariana Marcela"]
[Black "Puppi Lazo, Stephanie Beatriz"]
[Result "0-1"]
[WhiteElo "1584"]
[BlackElo "1832"]
[PlyCount "84"]
[EventDate "2018.06.19"]
[EventRounds "9"]
[EventCountry "ECU"]

1. d4 Nf6 2. Nf3 e6 3. c4 b6 4. a3 Bb7 5. Nc3 d5 6. Bg5 Be7 7. e3 h6 8. Bh4
Nbd7 9. Qc2 O-O 10. cxd5 exd5 11. Be2 Rc8 12. O-O Ne4 13. Bxe7 Qxe7 14. Rfd1
Ndf6 15. Ne5 c5 16. Nxe4 Nxe4 17. Qa4 a6 18. Qd7 Rc7 19. Qxe7 Rxe7 20. Rac1 c4
21. Bg4 Nf6 22. Bf3 b5 23. Rc2 Nd7 24. Nxd7 Rxd7 25. Rb1 Rd6 26. b3 Bc8 27. Rc3
Bf5 28. Rb2 Bd3 29. Be2 Bxe2 30. Rxe2 Rc8 31. bxc4 dxc4 32. Rb2 Rb6 33. Rc1 a5
34. Rbc2 b4 35. axb4 axb4 36. Kf1 c3 37. Rb1 b3 38. Rcc1 b2 39. Rc2 Ra8 40. Re2
Ra1 41. Ree1 Rxb1 42. Rxb1 c2  0-1

[Event "CAMPEONATO PANAMERICANO DE AJEDREZ"]
[Site "Hotel oro Verde, Guayaquil - Ecuador"]
[Date "2018.06.23"]
[Round "8"]
[Board "10"]
[White "Quezada Pauker, Katheen Gabriela"]
[Black "Nunez Giler, Fanny"]
[Result "0-1"]
[WhiteElo "1482"]
[BlackElo "1578"]
[PlyCount "86"]
[EventDate "2018.06.19"]
[EventRounds "9"]
[EventCountry "ECU"]

1. d4 Nf6 2. Bg5 e6 3. e4 h6 4. Bxf6 Qxf6 5. Nc3 d6 6. Qd2 Nc6 7. Nf3 e5 8. d5
Nd8 9. Nb5 Qe7 10. O-O-O a6 11. Nc3 f5 12. exf5 Bxf5 13. Bd3 Bxd3 14. Qxd3 Nf7
15. Qf5 Qd7 16. Qxd7+ Kxd7 17. Ne4 Be7 18. c4 Rhf8 19. b4 Nh8 20. Kc2 Ng6 21.
a4 Nf4 22. g3 Nh3 23. Rd3 Rf7 24. Nc5+ dxc5 25. Nxe5+ Ke8 26. Nxf7 Kxf7 27.
bxc5 Bxc5 28. Rf3+ Kg8 29. Rf1 Re8 30. g4 Re2+ 31. Kc3 Nxf2 32. h3 Ra2 33. Rb1
Nd1+ 34. Kd3 Ra3+ 35. Ke4 Nc3+ 36. Rxc3 Rxc3 37. Rxb7 Bd6 38. Kf5 Kf7 39. g5
hxg5 40. Ra7 g6+ 41. Kxg5 Rg3+ 42. Kh4 Rg1 43. Rxa6 Be7+  0-1

[Event "CAMPEONATO PANAMERICANO DE AJEDREZ"]
[Site "Hotel oro Verde, Guayaquil - Ecuador"]
[Date "2018.06.24"]
[Round "9"]
[Board "1"]
[White "Cosme Contreras, Trilce"]
[Black "Cervantes Landeiro, Thalia"]
[Result "1/2-1/2"]
[WhiteElo "2007"]
[BlackElo "2087"]
[PlyCount "55"]
[EventDate "2018.06.19"]
[EventRounds "9"]
[EventCountry "ECU"]

1. c4 e5 2. Nc3 d6 3. g3 g6 4. Bg2 Bg7 5. e3 f5 6. d3 Nf6 7. Nge2 O-O 8. O-O
Nc6 9. Rb1 Ne7 10. Nd5 c6 11. Nxf6+ Bxf6 12. d4 Be6 13. b3 Bg7 14. f4 e4 15.
Ba3 Bf7 16. Qd2 a5 17. Nc3 Qd7 18. Na4 Qd8 19. c5 Nd5 20. Rfd1 dxc5 21. Nxc5
Qc7 22. Na4 Rfd8 23. Nc3 Nb4 24. Bxb4 axb4 25. Na4 Qa5 26. Rdc1 b5 27. Nc5 Qxa2
28. Qxb4  1/2-1/2

[Event "CAMPEONATO PANAMERICANO DE AJEDREZ"]
[Site "Hotel oro Verde, Guayaquil - Ecuador"]
[Date "2018.06.24"]
[Round "9"]
[Board "2"]
[White "Gomez Barrera, Javiera Belen"]
[Black "Librelato, Kathie Goulart"]
[Result "0-1"]
[WhiteElo "2129"]
[BlackElo "2072"]
[PlyCount "66"]
[EventDate "2018.06.19"]
[EventRounds "9"]
[EventCountry "ECU"]

1. e4 e5 2. Nf3 Nc6 3. Bc4 Nf6 4. Ng5 d5 5. exd5 Na5 6. Bb5+ c6 7. dxc6 bxc6 8.
Bd3 Nd5 9. h4 Nf4 10. Bf1 f6 11. Ne4 f5 12. Ng3 Bc5 13. d3 O-O 14. Nc3 Rb8 15.
Rb1 Be6 16. a3 Bd4 17. Nge2 Bxc3+ 18. Nxc3 Bd5 19. Rh2 Re8 20. Be3 Ne6 21. Nxd5
Qxd5 22. Bd2 Nd4 23. c4 Nxc4 24. dxc4 Qe4+ 25. Be2 Nxe2 26. f3 Qd3 27. Bb4 Qe3
28. Bc5 Qxc5 29. Kxe2 e4 30. Qc2 exf3+ 31. Kf1 Re2 32. Qxe2 fxe2+ 33. Kxe2 Qe5+
 0-1

[Event "CAMPEONATO PANAMERICANO DE AJEDREZ"]
[Site "Hotel oro Verde, Guayaquil - Ecuador"]
[Date "2018.06.24"]
[Round "9"]
[Board "4"]
[White "Munoz Naichap, Valerine Nicole"]
[Black "Mostacero Velarde, Isabella"]
[Result "0-1"]
[WhiteElo "1591"]
[BlackElo "1827"]
[PlyCount "118"]
[EventDate "2018.06.19"]
[EventRounds "9"]
[EventCountry "ECU"]

1. d4 g6 2. g3 Bg7 3. Bg2 d6 4. Nc3 Nc6 5. Nf3 e5 6. dxe5 Nxe5 7. O-O Nxf3+ 8.
Bxf3 Ne7 9. Bg5 f6 10. Bf4 g5 11. Bh5+ Ng6 12. Be3 Bh3 13. Re1 Qd7 14. Qd3 Bf5
15. Qd2 O-O 16. Bf3 c6 17. Rad1 d5 18. Bc5 Rfe8 19. e4 Ne5 20. Be2 b6 21. Ba3
Bg4 22. Qe3 Bxe2 23. Qxe2 d4 24. f4 gxf4 25. gxf4 Ng6 26. Qc4+ Kh8 27. f5 Ne5
28. Qe2 Bh6 29. Kh1 Be3 30. Qh5 Qg7 31. Ne2 Rg8 32. Ng3 Bf2 33. Re2 Bxg3 34.
Rg2 Qg4 35. Qxg4 Nxg4 36. hxg3 Ne3 37. Rxd4 Nxg2 38. Kxg2 c5 39. Rd6 Rgf8 40.
b4 cxb4 41. Bxb4 Rad8 42. Rd3 Rxd3 43. cxd3 Rc8 44. Kf3 Kg7 45. Ke3 a5 46. Bd6
Rc6 47. e5 b5 48. d4 b4 49. Be7 fxe5 50. dxe5 Kf7 51. Bd8 a4 52. e6+ Ke8 53.
Bf6 Rc2 54. Be5 Rc5 55. Bd6 Rxf5 56. Bxb4 Re5+ 57. Kd4 Rxe6 58. Kc4 Rg6 59. Bd6
Rxd6  0-1

[Event "CAMPEONATO PANAMERICANO DE AJEDREZ"]
[Site "Hotel oro Verde, Guayaquil - Ecuador"]
[Date "2018.06.24"]
[Round "9"]
[Board "5"]
[White "Lemus Pena, Macarena"]
[Black "Ortiz Verdesoto, Anahi"]
[Result "0-1"]
[WhiteElo "1781"]
[BlackElo "1974"]
[PlyCount "140"]
[EventDate "2018.06.19"]
[EventRounds "9"]
[EventCountry "ECU"]

1. Nf3 d5 2. c4 e6 3. b3 Nf6 4. g3 Be7 5. Bg2 O-O 6. Bb2 b6 7. O-O Bb7 8. e3 c5
9. Nc3 Nc6 10. cxd5 exd5 11. d4 Re8 12. Rc1 Rc8 13. Re1 Bf8 14. Na4 Ne4 15.
dxc5 Nxc5 16. Nc3 Ne7 17. Nd4 Qd7 18. Bf1 Ba6 19. Bxa6 Nxa6 20. Qf3 Nc7 21.
Red1 Ng6 22. Qf5 Rcd8 23. Qxd7 Rxd7 24. Rd2 Bc5 25. Nce2 Ne6 26. a3 Ne5 27. Kg2
Bxd4 28. Nxd4 Nc5 29. Rcd1 f6 30. Nf3 Nxf3 31. Kxf3 Red8 32. b4 Ne6 33. Ke2 f5
34. Be5 Kf7 35. Rc1 g5 36. h3 h5 37. Rc6 Ke7 38. Rd1 Rf8 39. a4 f4 40. gxf4
gxf4 41. Rg1 f3+ 42. Kd3 Rf5 43. Bd4 Kf7 44. Rg3 Rd8 45. Kd2 Re8 46. Kd3 Rd8
47. a5 bxa5 48. bxa5 Rb8 49. Ra6 Rb3+ 50. Bc3 Nc5+ 51. Kc2 Rxc3+ 52. Kxc3 Nxa6
53. Kd4 Nc7 54. Rg1 Ne6+ 55. Kc3 Ng5 56. Rb1 Ke6 57. Rb2 Rf7 58. Kd3 Nxh3 59.
Rc2 h4 60. e4 dxe4+ 61. Kxe4 Ng5+ 62. Ke3 h3 63. Rc6+ Kf5 64. Rh6 Re7+ 65. Kd3
Rh7 66. Rc6 h2 67. Rc5+ Kg4 68. Rc4+ Kh3 69. Rc1 Kg2 70. Ke3 h1=Q  0-1

[Event "CAMPEONATO PANAMERICANO DE AJEDREZ"]
[Site "Hotel oro Verde, Guayaquil - Ecuador"]
[Date "2018.06.24"]
[Round "9"]
[Board "6"]
[White "Puppi Lazo, Stephanie Beatriz"]
[Black "Pacheco Jimenez, Yesenia"]
[Result "0-1"]
[WhiteElo "1832"]
[BlackElo "1576"]
[PlyCount "66"]
[EventDate "2018.06.19"]
[EventRounds "9"]
[EventCountry "ECU"]

1. e4 c5 2. Nf3 d6 3. Nc3 Nf6 4. d4 cxd4 5. Nxd4 a6 6. Be2 e6 7. O-O Be7 8. Be3
O-O 9. f4 Qc7 10. Qe1 Nc6 11. Qg3 Kh8 12. Rad1 b5 13. a3 Bb7 14. Kh1 Rad8 15.
Bf3 Na5 16. e5 Ne8 17. Ne4 Nc4 18. Bc1 dxe5 19. fxe5 Bxe4 20. Bxe4 Qxe5 21. Qd3
Nf6 22. Bf3 Bc5 23. c3 Qc7 24. Qe2 Bxd4 25. cxd4 Nd5 26. Be4 Qe7 27. Rf3 Nf6
28. Bg5 Nd6 29. Bc2 Rfe8 30. Rxf6 gxf6 31. Qh5 Nf5 32. Bh4 Rd5 33. Kg1 Rg8  0-1

[Event "CAMPEONATO PANAMERICANO DE AJEDREZ"]
[Site "Hotel oro Verde, Guayaquil - Ecuador"]
[Date "2018.06.24"]
[Round "9"]
[Board "8"]
[White "Nunez Giler, Fanny"]
[Black "Gil Bohorquez, Ariana"]
[Result "1-0"]
[WhiteElo "1578"]
[BlackElo "1694"]
[PlyCount "70"]
[EventDate "2018.06.19"]
[EventRounds "9"]
[EventCountry "ECU"]

1. Nf3 Nf6 2. d4 b6 3. c4 e6 4. Nc3 Bb4 5. e3 Bb7 6. Bd3 O-O 7. O-O Bxc3 8.
bxc3 Qe7 9. a4 d6 10. Ba3 Nbd7 11. Nd2 c5 12. Qc2 d5 13. Rfb1 Bc6 14. e4 dxe4
15. Nxe4 Rfd8 16. a5 Rab8 17. Bc1 Nxe4 18. Bxe4 Bxe4 19. Qxe4 Nf6 20. Qh4 cxd4
21. cxd4 bxa5 22. Be3 Qa3 23. Qg5 Qd3 24. Rc1 Rbc8 25. Qxa5 Rf8 26. Ra3 Qe2 27.
Ra2 Qd3 28. Qd2 Qxd2 29. Bxd2 Rc7 30. Bb4 Rfc8 31. c5 Nd5 32. Bd2 h5 33. Rca1
Ra8 34. g3 Kf8 35. Kg2 Ke7 {Planillas ilegibles}  1-0

[Event "CAMPEONATO PANAMERICANO DE AJEDREZ"]
[Site "Hotel oro Verde, Guayaquil - Ecuador"]
[Date "2018.06.24"]
[Round "9"]
[Board "9"]
[White "Quintana Chanduvi, Daniela Sofia"]
[Black "Ruiz, Mishell"]
[Result "1/2-1/2"]
[WhiteElo "1343"]
[BlackElo "1877"]
[PlyCount "44"]
[EventDate "2018.06.19"]
[EventRounds "9"]
[EventCountry "ECU"]

1. e4 g6 2. d4 Bg7 3. Nc3 a6 4. a4 c5 5. Nf3 Nc6 6. Be3 cxd4 7. Nxd4 Nf6 8. Be2
O-O 9. O-O d5 10. exd5 Nxd5 11. Nxd5 Qxd5 12. Bf3 Qa5 13. Nxc6 bxc6 14. c3 Rb8
15. b4 Qc7 16. Rc1 a5 17. Bc5 Bh6 18. Ra1 Be6 19. Qe2 Bf4 20. h3 Bh2+ 21. Kh1
Be5 22. Rac1 Bf4  1/2-1/2

[Event "CAMPEONATO PANAMERICANO DE AJEDREZ"]
[Site "Hotel oro Verde, Guayaquil - Ecuador"]
[Date "2018.06.24"]
[Round "9"]
[Board "10"]
[White "Matu Carballo, Magdalena"]
[Black "Iza Mendoza, Nefthys Sayde"]
[Result "1/2-1/2"]
[WhiteElo "1858"]
[BlackElo "1498"]
[PlyCount "69"]
[EventDate "2018.06.19"]
[EventRounds "9"]
[EventCountry "ECU"]

1. e4 Nf6 2. Nc3 d5 3. e5 Nfd7 4. d4 e6 5. Nf3 c5 6. dxc5 Bxc5 7. Bd3 Nc6 8.
Bf4 a6 9. Qe2 Qc7 10. O-O-O b5 11. Bg3 Nb4 12. a3 Nxd3+ 13. Qxd3 Bb7 14. h4 Rc8
15. h5 Bxa3 16. Nxb5 Bxb2+ 17. Kxb2 axb5 18. Rh4 Qc5 19. Ra1 Nb6 20. Nd4 Nc4+
21. Kc1 h6 22. Rg4 Qb4 23. Rb1 Qe1+ 24. Qd1 Qxd1+ 25. Kxd1 O-O 26. Bf4 Kh7 27.
Nxb5 Ba6 28. Nd6 Rb8 29. Rb3 Nb2+ 30. Kc1 Rxb3 31. cxb3 Nd3+ 32. Kd2 Nxf2 33.
Rg3 Ne4+ 34. Nxe4 dxe4 35. Rc3  1/2-1/2